000 01038nas a2200289 4500
001 BR8500283
003 BR-BrBNA
005 20231205090057.0
007 ta
008 230509b bl.|||p| |||| 00| 00por d
040 _aBR-BrBNA
_bpor
_cBiblioteca Nacional de Agricultura
041 _a(En)
072 _aL74; L73
100 1 _aBernis, W.O.
100 1 _aOliveira, H.P.
100 1 _aAlmeida, A.E.R.F. de
245 1 _aThe role of diabetes mellitus in the formation of cataracts and retinopathies in the dog. A review [cao, diabete, catarata, olho]
246 1 _aThe role of diabetes mellitus in the formation of cataracts and retinopathies in the dog. A review [dog, diabetes, cataract, eye]
650 _aCAO
650 _aDIABETE
650 _aCATARATA
650 _aOLHO
650 _aDISTURBIO METABOLICO
773 0 _tArquivo Brasileiro de Medicina Veterinaria e Zootecnia (Brazil)
_xISSN 0102-0935
_g(Apr 1984), v. 36(2) p. 157-166
_wBR8500283
909 _a202311
_bLúcia
_c55
_dLúcia Elande
942 _2AGRIS
_n0
_cANA
999 _c115995
_d115995